57 'C' Movies Quiz Stats

 Plays Quiz Updated Nov 27, 2018

Also try: 57 'D' Movies
Challenge
Share
Tweet
Embed
Score 0/57 Timer 14:00
1 Play Today
Year & Genre(s) Movie % Correct
2000: ActionCharlie's Angels
83.1%
1942: Romance/WarCasablanca
82.7%
1950: AnimatedCinderella
80.4%
1995: GangsterCasino
77.4%
1993: SportsCool Runnings
74.3%
2000: AdventureCast Away
73.5%
2006: ActionCasino Royale
69.7%
1976: HorrorCarrie
68.1%
1988: ComedyComing to America
66.2%
1983: HorrorCujo
65.7%
2000: Comedy/RomanceChocolat
65.1%
2002: MusicalChicago
59.7%
2003: Romance/WarCold Mountain
58.8%
1983: FamilyA Christmas Story
56.1%
2005: BiopicCapote
55.6%
1995: ComedyClueless
54.1%
1981/2010: ActionClash of the Titans
53.7%
2004: DramaCrash
52.4%
1941: DramaCitizen Kane
51.6%
1967: MusicalCamelot
50.8%
1981: SportsChariots of Fire
49%
2007: ComedyCharlie Wilson's War
48.3%
2008: SciFiCloverfield
48%
1993: ActionCliffhanger
47.8%
2008: DramaThe Curious Case of Benjamin Button
46.9%
2002: Road MovieCrossroads
46.5%
2008: DramaChangeling
44.1%
2006: ActionCrank
43.4%
1974: CrimeChinatown
43.1%
Year & Genre(s) Movie % Correct
1997: ActionCon Air
42.9%
1967: PrisonCool Hand Luke
41.6%
2006: Post-apocalypticChildren of Men
41.2%
1998: Fantasy/RomanceCity of Angels
41%
1983: HorrorChristine
40.8%
1994: ComedyClerks.
40.1%
1991: HorrorCape Fear
36.4%
1997: Romance/ComedyChasing Amy
36.4%
1980: ComedyCaddyshack
32.4%
2003: Action/AdventureThe Core
31.8%
1971: Crime/SciFiA Clockwork Orange
31.7%
1993: GangsterCarlito's Way
30.9%
1985: ActionCommando
30%
2000: SciFi/ThrillerThe Cell
28.5%
1995: AdventureCongo
27.6%
2002: CrimeCity of God
27.4%
1994: Action/ThrillerClear and Present Danger
27.4%
1996: WarCourage Under Fire
27.4%
1996: DramaThe Crucible
23.6%
2009: ComedyCouples Retreat
23.4%
1954: DramaThe Caine Mutiny
21.9%
1992: SportsThe Cutting Edge
18.3%
1931: SilentCity Lights
18.1%
2000: DramaCenter Stage
16.6%
2005: Thriller/RomanceThe Constant Gardener
15.8%
1992: CrimeThe Crying Game
15.6%
1974: ThrillerThe Conversation
12.7%
1931: WesternCimarron
12%

You're not logged in!

Compare scores with friends on all Sporcle quizzes.
OR
Log In

You Might Also Like...

Show Comments

Extras

Top Quizzes Today


Score Distribution

Your Account Isn't Verified!

In order to create a playlist on Sporcle, you need to verify the email address you used during registration. Go to your Sporcle Settings to finish the process.

Report this User

Report this user for behavior that violates our Community Guidelines.

Details: